| 000 | 00504nam a2200097Ia 4500 | ||
|---|---|---|---|
| 008 | 170517s9999 xx 000 0 und d | ||
| 245 | _aMillion Dollar Traders | ||
| 300 | _aEight ordinary people are given a million dollars, a fortnight of intensive training and two months to run their own hedge fund. Can they make a killing? The experiment reveals the inner workings of a City trading floor. The... | ||
| 650 | _xBusiness and Economics. | ||
| 856 | _uhttp://topdocumentaryfilms.com/million-dollar-traders/ | ||
| 999 |
_c333276 _d333276 |
||